000 00664nam a22002297a 4500
999 _c232942
_d232942
003 Nust
005 20180625052741.0
008 170227b xxu||||| |||| 00| 0 eng d
038 _a0
040 _c0
050 _a363.7 WAS
082 _a363.7 WAS
100 _aWasti,Ayesha
_911193
245 _aRemoval Of Organic Material From Textile Wastewater Using Immobilized Adsorbents
_cAyesha Wasti
260 _aIslamabad
_bIESE (SCEE) NUST
_c2012.
300 _a67 p.
_bHB.
440 _aMS Environmental Science
_91724
500 _aThesis MS ES
650 _aEnvironmental Science
_91725
700 _4Dr.M Ali Awan (Supervisor)
942 _2ddc
_cTHE
_kIESE